Fukuzawa Yukichi với vấn đề kiến quốc từ thời đại Minh Trị và kinh nghiệm cho Việt Nam /

में बचाया:
ग्रंथसूची विवरण
मुख्य लेखक: Phan Thị Anh Thư.
स्वरूप: लेख
भाषा:Vietnamese
विषय:
टैग : टैग जोड़ें
कोई टैग नहीं, इस रिकॉर्ड को टैग करने वाले पहले व्यक्ति बनें!
Thư viện lưu trữ: Thư viện Trường Đại học Đà Lạt
LEADER 00854nam a2200289 4500
001 DLU210195735
005 ##20210128
040 # # |a DLU  |b vie 
041 # # |a vie 
044 # # |a vn 
100 # # |a Phan Thị Anh Thư. 
245 # # |a Fukuzawa Yukichi với vấn đề kiến quốc từ thời đại Minh Trị và kinh nghiệm cho Việt Nam /  |c Phan Thị Anh Thư. 
653 # # |a Kiến quốc 
653 # # |a Minh Trị 
653 # # |a Nhật Bản  
653 # # |a Việt Nam  
773 # # |t Nghiên cứu Đông Bắc Á  |g Số 8(222), 2019, tr. 55-64 
920 # # |a Phòng Tạp chí -- Trung tâm Thông tin - Thư viện Trường Đại học Đà Lạt 
933 # # |a LS 
994 # # |a DLU 
900 # # |a True 
911 # # |a Hoàng Thị Huyền 
925 # # |a G 
926 # # |a A 
927 # # |a BB 
980 # # |a Thư viện Trường Đại học Đà Lạt